00738nam a2200181Ia 4500008004100000020001500041041001200056082001600068100001500084245004200099260003000141300000800171650001500179942000700194999001500201952017000216952017000386221030s9999 xx 000 0 und d a8185749469 aEnglish a105.23bUbh aB. S. Ubhi 0aThermodynamics Part IIcby B. S. Ubhi bS.K. KatariaaIndiac2002 a322 aMechanical cBK c3246d3246 pBE 5271g95.00l0o105.23 Ubhr2024-06-13 00:00:00w2022-10-30yBK003Print4070aMIETLIBbMIETLIBcBL-Academic Block- 2, FL-2, CUP-4, SH-2, R-2d2002-06-0110HBE pBE 5272g85.00l0o105.23 Ubhr2024-06-13 00:00:00w2022-10-30yBK003Print4070aMIETLIBbMIETLIBcBL-Academic Block- C, FL-2, CUP-4, SH-2, R-2d2002-06-0110HBE